000 00355nam a2200121 4500
999 _c14102
_d14102
008 190801b ||||| |||| 00| 0 eng d
100 _939131
_aEspedilla, Fritz
245 _aWhat raises chances to have dementia/
_cFritz Espedilla
260 _aDavao City:
_bSun Star Davao;
_cc2019.
300 _apage B3.
650 0 _939132
_aDementia.
942 _2ddc
_cPER